000
00330 a2200133 4500
000
nam a22 7a 4500
100
_a
Hartley, Lyra
110
_a
Hartley, Lyra
245
_a
Criminal Profiling
250
_a
Latest edition
260
_b
brilliance publishing
_c
2025
264
_b
brilliance publishing
_c
2025
942
_c
BK
999
_c
394413
_d
394413